[Event "Ch Poland (team) (2nd liga)"]
[Site "masterchessopen.com Polanica Zdroj (Poland)"]
[Date "2004.09.06"]
[Round "3"]
[White "Praszak Michal (POL)"]
[Black "Barwinski Dionizy (POL)"]
[Result "0-1"]
[WhiteElo "2210"]
[BlackElo "2218"]

1.d4 Nf6 2.c4 e6 3.Nf3 b6 4.g3 Bb7 5.Bg2 Bb4+ 6.Bd2 Be7 7.Nc3 O-O 8.O-O d6
9.Qc2 Nbd7 10.e4 e5 11.d5 a5 12.Ne1 Nc5 13.Nd3 Nxd3 14.Qxd3 Nd7 15.Qc2 Nc5
16.Rae1 Bc8 17.f4 Bf6 18.f5 Bg5 19.Bxg5 Qxg5 20.Nb5 Na6 21.Qf2 Qd8 22.f6 gxf6
23.Qxf6 Qxf6 24.Rxf6 Kg7 25.Ref1 Rb8 26.b3 Bd7 27.h4 Rb7 28.h5 h6 29.R1f2 Nc5
30.Nc3 b5 31.cxb5 {#R} 0-1

[Event "It (open) \"]
[Site "masterchessopen.com Berlin (Germany)"]
[Date "2005.01.01"]
[Round "7"]
[White "Lueders Gerhard (GER)"]
[Black "Richter Goetz (GER)"]
[Result "1-0"]
[WhiteElo "2217"]
[BlackElo "2073"]

1.d4 Nf6 2.c4 e6 3.Nf3 b6 4.g3 Bb7 5.Bg2 Bb4+ 6.Bd2 Be7 7.Nc3 O-O 8.Qc2 c5
9.d5 exd5 10.Ng5 h6 11.h4 Ne4 12.Ncxe4 dxe4 13.Bxe4 Bxg5 14.Bxb7 Bxd2+ 15.Qxd2
Nc6 16.Bxa8 Qxa8 17.O-O-O Re8 18.e3 {#r} 1-0

[Event "Ch France (team) (nat.2) 2004/05"]
[Site "masterchessopen.com France"]
[Date "2005.03.12"]
[Round "8"]
[White "Aguirre Simon (FRA)"]
[Black "Sasu-Ducsoara Andreea-Teodora (ROM)"]
[Result "1-0"]
[WhiteElo "2241"]
[BlackElo "2258"]

1.d4 Nf6 2.Nf3 e6 3.g3 b6 4.Bg2 Bb7 5.c4 Bb4+ 6.Bd2 Be7 7.Nc3 O-O 8.Qc2 c5
9.d5 exd5 10.Ng5 h6 11.Nxd5 Bxd5 12.Bxd5 Nc6 13.h4 Rc8 14.a3 Nd4 15.Qd3 Ne6
16.Bc3 g6 17.Nh3 Nxd5 18.cxd5 Ng7 19.Qd2 Kh7 20.h5 Nxh5 21.g4 Ng7 22.d6 Bf6
23.Bxf6 Qxf6 24.Ng5+ Kg8 25.Ne4 Qd4 26.Qxd4 cxd4 27.Nf6+ {#r} 1-0

[Event "It (open)"]
[Site "masterchessopen.com Lima (Peru)"]
[Date "2005.03.18"]
[Round "1"]
[White "Estrada Antonio (MEX)"]
[Black "Retamozo Henry (PER)"]
[Result "0-1"]
[WhiteElo "2189"]
[BlackElo "2245"]

1.d4 Nf6 2.Nf3 b6 3.g3 Bb7 4.Bg2 e6 5.c4 Bb4+ 6.Bd2 Be7 7.Nc3 Ne4 8.Qc2 Nxc3
9.Bxc3 d5 10.cxd5 exd5 11.O-O O-O 12.Rad1 Nd7 13.Ne5 Nf6 14.f3 c5 15.dxc5
Bxc5+ 16.Kh1 Qe7 17.Nd3 d4 18.Nxc5 bxc5 19.Be1 Rfe8 20.Rf2 Nd5 21.Rc1 Rac8
22.Bh3 Ne3 23.Qb1 Rc6 24.b3 Rh6 25.Bf5 Qe5 26.Bd3 Qxg3 27.Bxh7+ Kh8 28.Bf5 Re5
{#R} 0-1

[Event "Ch Germany (seniors)"]
[Site "masterchessopen.com Essen (Germany)"]
[Date "2005.08.28"]
[Round "9"]
[White "Schneider Miloca (GER)"]
[Black "Klein Leo (GER)"]
[Result "0-1"]
[WhiteElo "2040"]
[BlackElo "2125"]

1.d4 Nf6 2.c4 e6 3.Nf3 b6 4.g3 Bb7 5.Bg2 Bb4+ 6.Bd2 Be7 7.Nc3 c5 8.e3 Qc8 9.b3
d5 10.cxd5 Nxd5 11.Nxd5 Bxd5 12.O-O Qb7 13.dxc5 Bxc5 14.b4 Be7 15.Bc3 O-O
16.Ne1 Rd8 17.e4 Bc6 18.Qg4 Bf8 19.Qe2 Qd7 20.e5 Bb5 21.Rd1 Bxe2 22.Rxd7 Nxd7
23.Bxa8 Rxa8 24.f4 Bxf1 25.Kxf1 {#R} 0-1

[Event "It (open) \"]
[Site "masterchessopen.com Obrenovac (Yugoslavia)"]
[Round "5"]
[White "Antic Dejan (SRB)"]
[Black "Starcevic Goran (SRB)"]
[Result "1-0"]
[WhiteElo "2519"]
[BlackElo "2179"]

1.d4 Nf6 2.Nf3 e6 3.g3 b6 4.Bg2 Bb7 5.c4 Bb4+ 6.Bd2 Be7 7.Nc3 O-O 8.O-O Ne4
9.d5 f5 10.Nd4 Nxd2 11.Qxd2 e5 12.Nb3 d6 13.f4 Nd7 14.e4 g6 15.exf5 gxf5
16.Qc2 Bc8 17.Rae1 Rb8 18.Nb5 Rb7 19.fxe5 Nxe5 20.N3d4 a6 21.Nc6 Nxc6 22.dxc6
Rb8 23.Nd4 Bf6 24.Bd5+ Kh8 25.Ne6 Bxe6 26.Rxe6 b5 27.Rxf5 Bd4+ 28.Kg2 bxc4
29.Qe4 Bf6 30.Rexf6 Rxf6 31.Qd4 {#r} 1-0

[Event "Ch Europe (active)"]
[Site "masterchessopen.com Warsaw (Poland)"]
[Date "2005.12.17"]
[Round "2"]
[White "Kempinski Robert (POL)"]
[Black "Rawski Slawomir (POL)"]
[Result "1-0"]
[WhiteElo "2619"]
[BlackElo "2271"]

1.d4 Nf6 2.Nf3 e6 3.c4 b6 4.g3 Bb7 5.Bg2 Bb4+ 6.Nbd2 O-O 7.O-O d5 8.Ne5 Nbd7
9.Nd3 Be7 10.b4 c6 11.Bb2 a5 12.a3 Qc7 13.Qb3 axb4 14.axb4 Rxa1 15.Rxa1 Ra8
16.Rc1 Qd6 17.e4 dxe4 18.Nxe4 Nxe4 19.Bxe4 Rb8 20.Ra1 Ra8 21.Rd1 Ra7 22.h3 Ba8
23.Bg2 h6 24.c5 Qc7 25.Nf4 Nf8 26.h4 Bb7 27.Nh5 g6 28.Qc3 Ra2 29.d5 bxc5 30.d6
e5 31.Kh2 Qd8 {#r} 1-0

[Event "It (open)"]
[Site "masterchessopen.com Bad Zwesten (Germany)"]
[Round "9"]
[White "Jung Ruediger (GER)"]
[Black "Scheunemann Tim (GER)"]
[Result "0-1"]
[WhiteElo "2081"]
[BlackElo "1889"]

1.d4 Nf6 2.c4 e6 3.Nf3 b6 4.g3 Bb7 5.Bg2 Bb4+ 6.Bd2 Be7 7.Nc3 d5 8.Ne5 O-O
9.O-O c6 10.Bf4 Nh5 11.e3 Nxf4 12.gxf4 f6 13.Nf3 dxc4 14.a4 Qd7 15.Bh3 b5
16.axb5 cxb5 17.d5 f5 18.Ne5 Qe8 19.e4 b4 20.Na4 exd5 21.exd5 Nd7 22.Re1 Nc5
23.Nc6 Bxc6 24.Nxc5 Qg6+ 25.Bg2 Bxc5 26.dxc6 Rad8 27.Qc2 Rd4 28.Kh1 Rxf4
29.Rg1 Kh8 30.Bd5 Qd6 31.Qd1 Rd4 {#R} 0-1

[Event "Ch Mittelfranken (team) (B2a) 2005/06"]
[Site "masterchessopen.com Germany"]
[Date "2006.01.15"]
[Round "4"]
[White "Auer Guenther"]
[Black "Simon Martin (GER)"]
[Result "1-0"]
[WhiteElo "2029"]
[BlackElo "2114"]

1.d4 Nf6 2.Nf3 b6 3.g3 Bb7 4.Bg2 e6 5.c4 Bb4+ 6.Nbd2 O-O 7.O-O d5 8.Ne5 Nbd7
9.Nd3 Bd6 10.b4 c5 11.bxc5 bxc5 12.Rb1 Qc7 13.Ba3 Rab8 14.cxd5 Bxd5 15.Bxd5
Nxd5 16.Qc2 Rxb1 17.Rxb1 Rc8 18.Bxc5 e5 19.Qb3 N5b6 20.Rc1 exd4 21.Bxb6 Qxc1+
22.Nxc1 Rxc1+ 23.Kg2 Nxb6 24.Qb2 Rc3 25.Ne4 Be5 26.Qb5 {#r} 1-0

[Event "Ch Ukraine (1/2 final)"]
[Site "masterchessopen.com Alushta (Ukraine)"]
[Date "2006.05.16"]
[Round "4"]
[White "Nedilko Vasily (UKR)"]
[Black "Zubov Alexander (UKR)"]
[Result "0-1"]
[WhiteElo "2390"]
[BlackElo "2537"]

1.d4 Nf6 2.c4 e6 3.Nf3 b6 4.g3 Bb7 5.Bg2 Bb4+ 6.Bd2 a5 7.O-O O-O 8.Qc2 Be4
9.Qc1 Nc6 10.a3 Be7 11.Nc3 Bxf3 12.Bxf3 Nxd4 13.Bxa8 Qxa8 14.Qd1 Qc6 15.b3 Ne4
16.Ra2 Nc5 17.Rb2 a4 18.bxa4 Bf6 19.Rb1 Ra8 20.a5 Rxa5 21.Nb5 Nxb5 22.cxb5
Rxb5 23.Bb4 d5 24.e3 Qa8 25.Qe2 Qa4 26.Rfc1 Na6 27.Qd3 g6 28.Be1 Rxb1 29.Rxb1
Nc5 30.Qb5 Qc2 31.Qb4 Nd3 {#R} 0-1

[Event "Olympiad (w)"]
[Site "masterchessopen.com Turin (Italy)"]
[Date "2006.05.21"]
[Round "1"]
[White "Koneru Humpy (IND)"]
[Black "Ribeiro Regina (BRA)"]
[Result "1-0"]
[WhiteElo "2545"]
[BlackElo "2108"]

1.d4 Nf6 2.c4 e6 3.Nf3 b6 4.g3 Bb7 5.Bg2 Bb4+ 6.Nbd2 Ne4 7.O-O Nxd2 8.Bxd2 Be7
9.Qc2 f5 10.d5 O-O 11.Rfd1 Qe8 12.Nd4 c5 13.Nb5 Na6 14.d6 Bxg2 15.dxe7 Qxe7
16.Kxg2 d5 17.Qa4 Nb8 18.cxd5 exd5 19.Bf4 d4 20.Qc4+ {#r} 1-0

[Event "Tournament (juniors)"]
[Site "masterchessopen.com Lublin (Poland)"]
[Date "2006.07.15"]
[Round "10"]
[White "Tarczykowski Janusz (POL)"]
[Black "Gajdosz Marek (POL)"]
[Result "1-0"]
[WhiteElo "1958"]
[BlackElo "1680"]

1.d4 Nf6 2.c4 e6 3.Nf3 b6 4.g3 Bb7 5.Bg2 Bb4+ 6.Nbd2 d5 7.Qa4+ Nc6 8.Ne5 Qd6
9.O-O O-O 10.Ndf3 Nxd4 11.Nxd4 Qxe5 12.Nf3 Qd6 13.a3 Bc5 14.b4 Bxf2+ 15.Rxf2
dxc4 16.Bf4 Qe7 17.Ne5 Bd5 18.Bg5 a6 19.Ng4 Qe8 20.Qxe8 Rfxe8 21.Bxf6 h5
22.Ne3 Bxg2 23.Kxg2 gxf6 24.Nxc4 {#r} 1-0

[Event "It \"]
[Site "masterchessopen.com Belgrade (Yugoslavia)"]
[Date "2006.08.02"]
[Round "4"]
[White "Radusinovic Lazar (SRB)"]
[Black "Vujosevic Dimitrije (SRB)"]
[Result "0-1"]
[WhiteElo "1990"]
[BlackElo "2041"]

1.d4 Nf6 2.c4 e6 3.Nf3 b6 4.g3 Bb7 5.Bg2 Bb4+ 6.Nbd2 c5 7.O-O cxd4 8.Nxd4 Bxg2
9.Kxg2 Nc6 10.N2b3 Rc8 11.Nb5 O-O 12.Bg5 Be7 13.Rc1 a6 14.Nd6 Rc7 15.c5 bxc5
16.Nxc5 Nb4 17.e4 Nxa2 18.Rc4 Rxc5 19.Rxc5 Qb6 20.Bxf6 Bxf6 21.Rc8 Rxc8
22.Nxc8 Qc6 23.Na7 Qb7 24.Qc2 Kf8 25.Qc4 Ke8 26.Nc8 Qa8 27.f4 Qc6 28.Qxa2 Bd8
{#R} 0-1

[Event "It (open) \"]
[Site "masterchessopen.com Sukhumi (Georgia)"]
[Date "2006.08.07"]
[Round "4"]
[White "Shutukov S (RUS)"]
[Black "Poletaev Vitaly (RUS)"]
[Result "1-0"]
[WhiteElo "2327"]
[BlackElo "2104"]

1.d4 Nf6 2.c4 e6 3.Nf3 b6 4.g3 Bb7 5.Bg2 Bb4+ 6.Bd2 a5 7.O-O Ne4 8.Bf4 Be7
9.Qc2 f5 10.Rd1 d6 11.Nfd2 g5 12.Nxe4 gxf4 13.Nxd6+ cxd6 14.Bxb7 Ra7 15.Bf3
fxg3 16.Bh5+ Kf8 17.fxg3 Bg5 18.Qd3 Qf6 19.Nc3 Rg7 20.Qf3 Rhg8 21.Kh1 Qh6
22.d5 Bf6 23.dxe6 Bxc3 24.bxc3 Qxe6 25.Rd5 Rg5 26.Rad1 Qe4 27.R5d4 Qxf3+
28.Bxf3 Ke7 29.Rxd6 {#r} 1-0

[Event "It (open)"]
[Site "masterchessopen.com Temecula (USA)"]
[Date "2006.09.04"]
[Round "6"]
[White "Moussa Alaa-Eddine (PLE)"]
[Black "Akobian Varuzhan (USA)"]
[Result "0-1"]
[WhiteElo "2203"]
[BlackElo "2598"]

1.d4 Nf6 2.c4 e6 3.Nf3 b6 4.g3 Bb7 5.Bg2 Bb4+ 6.Bd2 a5 7.O-O O-O 8.Bf4 Be7
9.Nc3 Ne4 10.Rc1 d6 11.Qd3 Nxc3 12.Rxc3 f5 13.Qe3 Qd7 14.Rd1 Na6 15.c5 Nb4
16.Rc4 Bd5 17.Nd2 Bxg2 18.Kxg2 g5 {#R} 0-1

[Event "Tournament \"]
[Site "masterchessopen.com Warsaw (Poland)"]
[Date "2006.11.02"]
[Round "4"]
[White "Krysztofiak Marcin (POL)"]
[Black "Nurkiewicz Maciej (POL)"]
[Result "1-0"]
[WhiteElo "2397"]
[BlackElo "2404"]

1.d4 Nf6 2.c4 e6 3.Nf3 b6 4.g3 Bb7 5.Bg2 Bb4+ 6.Bd2 Bxd2+ 7.Qxd2 O-O 8.O-O d6
9.Nc3 Ne4 10.Nxe4 Bxe4 11.Ne1 Bxg2 12.Nxg2 c5 13.Rad1 Nc6 14.d5 Nd4 15.dxe6
fxe6 16.f4 Qe8 17.e3 Nf5 18.g4 Nh6 19.h3 Rd8 20.e4 b5 21.cxb5 Qxb5 22.f5 Qc4
23.Nf4 exf5 24.exf5 Rd7 25.Ne6 Rff7 26.b3 Qe4 27.Ng5 {#r} 1-0

[Event "Memorial A.Suetin (open)"]
[Site "masterchessopen.com Tula (Russia)"]
[Date "2006.11.25"]
[Round "5"]
[White "Kainov Aleksey (RUS)"]
[Black "Karvatsky Alexey (RUS)"]
[Result "1-0"]
[WhiteElo "2268"]
[BlackElo "1768"]

1.d4 Nf6 2.c4 e6 3.Nf3 b6 4.g3 Bb7 5.Bg2 Bb4+ 6.Bd2 a5 7.O-O O-O 8.Bg5 h6
9.Bxf6 Qxf6 10.Qc2 Nc6 11.a3 Be7 12.d5 Ne5 13.Nxe5 Qxe5 14.d6 Bxg2 15.dxe7
Bxf1 16.exf8=Q+ Rxf8 17.Kxf1 f5 18.e3 g5 19.Nd2 Kg7 20.Rc1 f4 21.Qc3 {#r} 1-0

[Event "Tournament \"]
[Site "masterchessopen.com Kyzyl (Russia)"]
[Date "2007.01.21"]
[Round "2"]
[White "Kalyndu Aldynbek (RUS)"]
[Black "Kaluga Sergey (RUS)"]
[Result "1-0"]
[WhiteElo "2124"]
[BlackElo "2227"]

1.d4 Nf6 2.c4 e6 3.Nf3 b6 4.g3 Bb7 5.Bg2 Bb4+ 6.Bd2 a5 7.Nc3 O-O 8.O-O d5
9.cxd5 exd5 10.Bg5 h6 11.Bxf6 Qxf6 12.Ne5 Rd8 13.Rc1 Na6 14.e3 Rac8 15.Bh3 Ra8
16.f4 c5 17.Qh5 Nc7 18.g4 Ne6 19.g5 hxg5 20.Bxe6 Qxe6 21.f5 Qe8 22.f6 g6
23.Qxg5 Rd6 24.Nxg6 fxg6 25.f7+ Qxf7 26.Rxf7 Kxf7 27.Rf1+ Kg8 28.Qe7 {#r} 1-0

[Event "Memorial N.Mukhamedzianov (open)"]
[Site "masterchessopen.com Kazan (Russia)"]
[Date "2007.01.28"]
[Round "3"]
[White "Ponfilenok Vladimir (RUS)"]
[Black "Pushkin Eduard (RUS)"]
[Result "1-0"]
[WhiteElo "2412"]
[BlackElo "2180"]

1.d4 Nf6 2.Nf3 b6 3.g3 Bb7 4.Bg2 e6 5.c4 Bb4+ 6.Bd2 Be7 7.O-O Ne4 8.Nc3 Nxd2
9.Qxd2 O-O 10.e4 d6 11.d5 e5 12.Ne1 Bf6 13.Nd3 a5 14.a3 c6 15.b4 cxd5 16.cxd5
Bg5 17.f4 exf4 18.gxf4 axb4 19.axb4 Rxa1 20.Rxa1 Bf6 21.e5 dxe5 22.fxe5 Bg5
23.Qf2 Bh4 24.Qd4 Re8 25.Rf1 Bg5 26.b5 Bh6 27.Kh1 g6 28.Be4 Bg7 {#r} 1-0

[Event "Tournament"]
[Site "masterchessopen.com Novosibirsk (Russia)"]
[Date "2007.02.11"]
[Round "5"]
[White "Kulikov Vladimir N (RUS)"]
[Black "Kiprianov Yaroslav (RUS)"]
[Result "1-0"]
[WhiteElo "2133"]
[BlackElo "1970"]

1.d4 Nf6 2.c4 e6 3.Nf3 b6 4.g3 Bb7 5.Bg2 Bb4+ 6.Bd2 Be7 7.Nc3 d5 8.Ne5 Qc8
9.Qa4+ c6 10.cxd5 exd5 11.Rc1 O-O 12.Nxd5 Nxd5 13.Bxd5 Qh3 14.Nxc6 Nxc6
15.Bxc6 Bxc6 16.Qxc6 Bb4 17.Qf3 Bxd2+ 18.Kxd2 Qe6 19.b3 Qd6 20.e3 Qb4+ 21.Kc2
a5 22.Kb1 a4 23.Rc4 Qd2 24.Rd1 {#r} 1-0

[Event "Ch Russia (qual)"]
[Site "masterchessopen.com Rostov on Don (Russia)"]
[Round "4"]
[White "Zinchenko Anatoly (RUS)"]
[Black "Kruglikov Petr (RUS)"]
[Result "0-1"]
[WhiteElo "2104"]
[BlackElo "2266"]

1.d4 Nf6 2.Nf3 e6 3.c4 b6 4.g3 Bb7 5.Bg2 Bb4+ 6.Bd2 Be7 7.O-O c5 8.d5 exd5
9.Nh4 Bc6 10.Nf5 O-O 11.Bh6 dxc4 12.Bxg7 Bxg2 13.Kxg2 Re8 14.Qc1 Ne4 15.Qf4
Bf6 16.Qg4 h5 17.Nh6+ Kh7 18.Bxf6 hxg4 19.Bxd8 Kxh6 20.Bh4 d5 21.Rd1 d4 22.Nd2
Nd6 23.Kf1 Nc6 24.Rac1 b5 25.e4 dxe3 26.fxe3 Nf5 27.e4 Nxh4 28.gxh4 Rad8
29.Ke2 Rd7 30.b3 Red8 31.Ke1 Ne5 32.Rc3 {#R} 0-1

[Event "It (open) \"]
[Site "masterchessopen.com Frydek-Mistek (Czech Republic)"]
[Date "2007.04.05"]
[Round "2"]
[White "Gumula Daniel (POL)"]
[Black "Macicek Jakub (CZE)"]
[Result "0-1"]
[WhiteElo "2344"]
[BlackElo "2105"]

1.d4 Nf6 2.c4 e6 3.Nf3 b6 4.g3 Bb7 5.Bg2 Bb4+ 6.Nbd2 Ne4 7.O-O Nxd2 8.Bxd2
Bxd2 9.Qxd2 d6 10.d5 e5 11.b4 Nd7 12.e4 O-O 13.Ne1 a5 14.b5 f5 15.exf5 Rxf5
16.Nd3 Bc8 17.Rae1 Qf8 18.Bh3 Rf6 19.Be6+ Kh8 20.f4 exf4 21.Nxf4 Ne5 22.Kg2
Bb7 23.Qd4 Qe7 24.Rxe5 dxe5 25.Qxe5 Re8 26.Re1 Qd6 27.h4 Qc5 28.Re4 Rexe6
29.dxe6 Qxe5 {#R} 0-1

[Event "It (open)"]
[Site "masterchessopen.com Triesen (Liechtenstein)"]
[Date "2007.05.15"]
[Round "5"]
[White "Mira Helene (AUT)"]
[Black "Meier Gerd (GER)"]
[Result "1-0"]
[WhiteElo "2174"]
[BlackElo "1999"]

1.d4 Nf6 2.Nf3 e6 3.c4 b6 4.g3 Bb7 5.Bg2 Bb4+ 6.Bd2 Be7 7.O-O O-O 8.Nc3 c6
9.e4 d5 10.e5 Ne4 11.cxd5 cxd5 12.Rc1 Nxd2 13.Qxd2 Bb4 14.a3 Bxc3 15.Rxc3 Na6
16.Rfc1 Qd7 17.Bf1 Rac8 18.Bd3 f5 19.exf6 gxf6 20.Qf4 Rxc3 21.Rxc3 Rf7 22.Bf1
Nc7 23.Bh3 Bc8 24.Qc1 Bb7 25.Qf4 Bc8 26.Re3 Qe7 27.Qg4+ Rg7 28.Qh4 Bd7 29.Qf4
Bc8 30.Re1 Nb5 31.Qb8 Nd6 32.Bxe6+ {#r} 1-0

[Event "Memorial R.Nezhmetdinov (open)"]
[Site "masterchessopen.com Kazan (Russia)"]
[Date "2007.06.03"]
[Round "3"]
[White "Alavkin Arseny (RUS)"]
[Black "Fedorov Evgueny (RUS)"]
[Result "1-0"]
[WhiteElo "2442"]
[BlackElo "2248"]

1.d4 Nf6 2.Nf3 e6 3.c4 b6 4.g3 Bb7 5.Bg2 Bb4+ 6.Nbd2 O-O 7.O-O d6 8.Nb3 d5
9.c5 bxc5 10.dxc5 Nbd7 11.Qd4 a5 12.a3 e5 13.Nxe5 Nxe5 14.Qxe5 a4 15.axb4 axb3
16.Rxa8 Bxa8 17.Bg5 Re8 18.Bxf6 gxf6 19.Qd4 c6 20.Ra1 Qe7 21.Bf3 Bb7 22.Ra7
Kg7 23.b5 Qc7 24.Qg4+ Kf8 25.Qb4 Qb8 26.b6 Re7 27.Qxb3 Qe5 28.Qc2 Kg7 29.b4
{#r} 1-0

[Event "It (open) (b)"]
[Site "masterchessopen.com Poznan (Poland)"]
[Date "2007.07.28"]
[Round "8"]
[White "Bajerlein Dawid (POL)"]
[Black "Frackowiak Andrzej (POL)"]
[Result "1-0"]
[WhiteElo "1956"]
[BlackElo "1883"]

1.d4 Nf6 2.c4 e6 3.Nf3 b6 4.g3 Bb7 5.Bg2 Bb4+ 6.Bd2 Be7 7.Nc3 O-O 8.Qc2 d6
9.O-O Nbd7 10.e4 e5 11.d5 a5 12.Ne1 Nc5 13.Nd3 Nxd3 14.Qxd3 Nd7 15.f4 exf4
16.gxf4 g6 17.Bh3 Bc8 18.Bxd7 Bxd7 19.e5 dxe5 20.fxe5 Bg4 21.Ne4 Bh4 22.Nf6+
Bxf6 23.Rxf6 Re8 24.Bc3 Qe7 25.Raf1 Qf8 26.e6 Bxe6 27.dxe6 Qc5+ 28.Qd4 Qxd4+
29.Bxd4 fxe6 30.Be5 c6 {#r} 1-0

[Event "It (open)"]
[Site "masterchessopen.com Alcala de Henares (Spain)"]
[Date "2007.10.07"]
[Round "1"]
[White "Barria Daniel (CHI)"]
[Black "Valderrama Arroyo Victor (ESP)"]
[Result "1-0"]
[WhiteElo "2462"]
[BlackElo "1891"]

1.d4 Nf6 2.c4 e6 3.Nf3 b6 4.g3 Bb7 5.Bg2 Bb4+ 6.Nbd2 c5 7.a3 Bxd2+ 8.Qxd2 cxd4
9.Qxd4 Nc6 10.Qf4 d6 11.O-O Qc7 12.b4 O-O-O 13.Bb2 e5 14.Qf5+ Kb8 15.Rac1 Qd7
16.Qb1 Rhe8 17.Rfd1 Qe7 18.e4 Nd7 19.Bc3 Rc8 20.Qd3 Kc7 21.Bh3 Rcd8 22.Nh4 g6
23.Ng2 Nf6 24.Ne3 Nd4 25.Nd5+ Bxd5 26.cxd5 Kb7 27.Bxd4 exd4 28.Qxd4 Nxe4
29.Re1 Qe5 30.Qc4 Re7 31.f3 {#r} 1-0

[Event "Cup Arctic (team) (juniors) (under 16)"]
[Site "masterchessopen.com Salekhard (Russia)"]
[Date "2007.10.09"]
[Round "2"]
[White "Gusarov Grigory (RUS)"]
[Black "Yamszhchikov Alexey (RUS)"]
[Result "1-0"]
[WhiteElo "2159"]
[BlackElo "2095"]

1.d4 Nf6 2.Nf3 e6 3.g3 b6 4.Bg2 Bb7 5.c4 Bb4+ 6.Nbd2 Be7 7.O-O c5 8.d5 exd5
9.Nh4 b5 10.Nf5 O-O 11.cxd5 Bxd5 12.e4 Bc6 13.e5 Ne8 14.Ne4 f6 15.exf6 Nxf6
16.Bg5 Bxe4 17.Bxe4 Nc6 18.Bg2 c4 19.a4 Rb8 20.Qe2 Rf7 21.Rfd1 Nb4 22.axb5 Nd3
23.Nxe7+ Rxe7 24.Bxf6 Rxe2 25.Bd5+ Kh8 26.Bxd8 Nxb2 27.Bc7 Rc8 28.Re1 Rd2
29.Bb7 Rf8 30.Bf4 Rc2 31.Be4 {#r} 1-0

[Event "It (open) (active)"]
[Site "masterchessopen.com El Sauzal (Spain)"]
[Date "2007.11.04"]
[Round "7"]
[White "Gonzalez Marrero Jacobo (ESP)"]
[Black "Rodriguez Amador (ESP)"]
[Result "0-1"]
[WhiteElo "2304"]
[BlackElo "2481"]

1.d4 Nf6 2.Nf3 e6 3.g3 b6 4.Bg2 Bb7 5.c4 Bb4+ 6.Bd2 Be7 7.Bf4 O-O 8.Nc3 c6
9.O-O d5 10.b3 Na6 11.Qd2 dxc4 12.bxc4 c5 13.Rac1 cxd4 14.Nxd4 Bxg2 15.Kxg2
Qc8 16.Qd3 Rd8 17.Rfd1 Qc5 18.Ne4 Nxe4 19.Qxe4 Rdc8 20.Nb5 g5 21.Bd6 Bxd6
22.Rxd6 Nb4 23.a3 Nc6 24.Rcd1 Ne5 25.R6d5 exd5 26.Qxe5 d4 27.Qxd4 Qxd4 28.Rxd4
a6 {#R} 0-1

[Event "Ch Region (open)"]
[Site "masterchessopen.com Gdansk (Poland)"]
[Date "2007.11.10"]
[Round "1"]
[White "Szczepaniec Stanislaw (POL)"]
[Black "Posnik Andrzej (POL)"]
[Result "1-0"]
[WhiteElo "2133"]
[BlackElo "1676"]

1.c4 e6 2.Nf3 Nf6 3.g3 b6 4.Bg2 Bb7 5.d4 Bb4+ 6.Nbd2 O-O 7.a3 Bxd2+ 8.Bxd2 d6
9.O-O Nbd7 10.Rc1 c5 11.Bf4 Qe7 12.dxc5 Ne5 13.cxd6 Nxf3+ 14.Bxf3 Qd7 15.Bxb7
Qxb7 16.Bg5 Qd7 17.Bxf6 gxf6 18.Qd3 Rfd8 19.Rfd1 Rac8 20.b4 Rc6 21.c5 bxc5
22.bxc5 Rdc8 23.Qd4 e5 24.Qd5 Kf8 25.Rd3 Qe6 26.Qxc6 Rxc6 27.d7 Rc8 28.dxc8=Q+
Qxc8 29.c6 {#r} 1-0

[Event "Tournament"]
[Site "masterchessopen.com Torino (Italy)"]
[Date "2007.11.20"]
[Round "3"]
[White "Gussone Claudio (ITA)"]
[Black "Gallucci Alessio (ITA)"]
[Result "0-1"]
[WhiteElo "1876"]
[BlackElo "2076"]

1.d4 Nf6 2.Nf3 e6 3.g3 b6 4.Bg2 Bb7 5.c4 Bb4+ 6.Bd2 Be7 7.O-O O-O 8.Nc3 d5
9.cxd5 exd5 10.Rc1 Na6 11.Ne5 c5 12.e3 Re8 13.Qb3 Bd6 14.f4 Bf8 15.a3 cxd4
16.exd4 Nc7 17.f5 Rc8 18.g4 Rxe5 19.g5 Ne4 20.Nxe4 Rxe4 21.Bxe4 dxe4 22.Be3
Nd5 23.Rxc8 Qxc8 24.g6 hxg6 25.fxg6 Qg4+ 26.Kh1 Qxg6 27.Rg1 Qf5 {#R} 0-1

[Event "Cup Belgrade (open)"]
[Site "masterchessopen.com Obrenovac (Yugoslavia)"]
[Date "2007.11.27"]
[Round "6"]
[White "Jovic Slavko (SRB)"]
[Black "Ljangov Petar (BUL)"]
[Result "0-1"]
[WhiteElo "1882"]
[BlackElo "2163"]

1.d4 Nf6 2.c4 e6 3.Nf3 b6 4.g3 Bb7 5.Bg2 Bb4+ 6.Bd2 Bxd2+ 7.Qxd2 O-O 8.O-O d6
9.Nc3 Ne4 10.Qc2 Nxc3 11.Ng5 Nxe2+ 12.Qxe2 Bxg2 13.Qh5 h6 14.Nxe6 fxe6 15.Kxg2
Nd7 16.f4 Qf6 17.Qg4 Qf5 18.Qe2 Nf6 19.Rae1 Rae8 20.h3 h5 21.b3 {#R} 0-1

[Event "It (open) (b)"]
[Site "masterchessopen.com Moscow (Russia)"]
[Date "2008.02.05"]
[Round "4"]
[White "Cherny Oleg (RUS)"]
[Black "Haroutjunian Dmitri (ARM)"]
[Result "0-1"]
[WhiteElo "2056"]
[BlackElo "2288"]

1.d4 Nf6 2.Nf3 e6 3.c4 b6 4.g3 Bb7 5.Bg2 Bb4+ 6.Bd2 a5 7.O-O O-O 8.Bxb4 axb4
9.Nbd2 c5 10.e3 Qc7 11.Qc2 d5 12.Rfc1 Nbd7 13.cxd5 exd5 14.Qf5 Rfe8 15.Ne1 Qd6
16.Nc4 dxc4 17.Bxb7 Ra7 18.dxc5 Nxc5 19.Bg2 b5 20.Rd1 Qb6 21.Nc2 Nd3 22.b3 g6
23.Qf3 Ne4 24.Nd4 Ndxf2 25.Rf1 Nd3 26.Qg4 Nd2 27.Rf5 cxb3 28.Rxb5 b2 29.Rd1
Qf6 30.Rf5 Qe7 {#R} 0-1

[Event "Tournament (weekend) (b)"]
[Site "masterchessopen.com Noale (Italy)"]
[Date "2008.02.09"]
[Round "3"]
[White "Lucich Gianni (ITA)"]
[Black "Zanetto Marco (ITA)"]
[Result "0-1"]
[WhiteElo "1660"]
[BlackElo "1801"]

1.d4 Nf6 2.c4 e6 3.Nf3 b6 4.g3 Bb7 5.Bg2 Bb4+ 6.Bd2 Be7 7.O-O Ne4 8.Nc3 Nxd2
9.Qxd2 f5 10.Rfd1 d6 11.Rac1 O-O 12.b4 Qe8 13.e3 Nd7 14.a4 Nf6 15.b5 Qh5 16.d5
e5 17.h3 Bc8 18.Re1 Rf7 19.Ra1 a5 20.Qc1 f4 21.g4 Nxg4 22.hxg4 Bxg4 23.e4 Bxf3
24.Bxf3 Qxf3 25.Ra3 Qg4+ 26.Kf1 f3 27.Rd1 Qg2+ 28.Ke1 Bg5 {#R} 0-1

[Event "Ch City"]
[Site "masterchessopen.com Omsk (Russia)"]
[Date "2008.02.10"]
[Round "7"]
[White "Shkurkin Nikolai (RUS)"]
[Black "Boichuk Alexei (RUS)"]
[Result "1-0"]
[WhiteElo "2193"]
[BlackElo "2142"]

1.Nf3 Nf6 2.d4 e6 3.c4 b6 4.g3 Bb7 5.Bg2 Bb4+ 6.Nbd2 O-O 7.O-O d5 8.Ne5 Nbd7
9.Ndf3 Bd6 10.Bg5 Qe8 11.Qc2 h6 12.Nxd7 Nxd7 13.Be3 dxc4 14.Ng5 hxg5 15.Bxb7
Rb8 16.Bc6 Qe7 17.Qxc4 Rbd8 18.Rad1 g6 19.Bc1 e5 20.Qb5 Nb8 21.Bf3 f6 22.dxe5
Bxe5 23.Rd3 {#r} 1-0

[Event "Czech League 2007/08 (1st) East"]
[Site "masterchessopen.com Czech Republic"]
[Date "2008.02.24"]
[Round "8"]
[White "Riha Otmar (CZE)"]
[Black "Vesely Martin (CZE)"]
[Result "0-1"]
[WhiteElo "1947"]
[BlackElo "2179"]

1.d4 Nf6 2.Nf3 e6 3.c4 b6 4.g3 Bb7 5.Bg2 Bb4+ 6.Bd2 Be7 7.O-O O-O 8.Nc3 Ne4
9.Nxe4 Bxe4 10.Bc3 d5 11.b3 Nd7 12.cxd5 exd5 13.Rc1 Ba3 14.Ra1 a5 15.Qd2 Bd6
16.a3 Qe7 17.b4 a4 18.Qb2 f5 19.Ne5 Bxg2 20.Kxg2 f4 21.Nc6 Qe6 22.b5 Rf6
23.Bb4 Rh6 24.Rh1 Qh3+ 25.Kg1 fxg3 26.fxg3 Bxg3 27.e3 Bh4 28.Be1 Qxe3+ 29.Bf2
Bxf2+ {#R} 0-1